LEADER 03892nam 2200649 450 001 9910455500803321 005 20200520144314.0 010 $a1-282-00293-7 010 $a9786612002939 010 $a1-4426-7715-5 024 7 $a10.3138/9781442677159 035 $a(CKB)2420000000004189 035 $a(SSID)ssj0000302820 035 $a(PQKBManifestationID)11249142 035 $a(PQKBTitleCode)TC0000302820 035 $a(PQKBWorkID)10274858 035 $a(PQKB)10261235 035 $a(CaBNvSL)slc00209577 035 $a(MiAaPQ)EBC3254990 035 $a(MiAaPQ)EBC4671717 035 $a(DE-B1597)464644 035 $a(OCoLC)944177871 035 $a(DE-B1597)9781442677159 035 $a(Au-PeEL)EBL4671717 035 $a(CaPaEBR)ebr11257417 035 $a(OCoLC)958572068 035 $a(EXLCZ)992420000000004189 100 $a20160921h19951995 uy 0 101 0 $aeng 135 $aurcn||||||||| 181 $ctxt 182 $cc 183 $acr 200 12$aA measured pace $etoward a philosophical understanding of the arts of dance /$fFrancis Sparshott 210 1$aToronto, [Ontario] ;$aBuffalo, [New York] ;$aLondon, [England] :$cUniversity of Toronto Press,$d1995. 210 4$dİ1995 215 $axviii, 580 p. ;$d24 cm 225 1 $aToronto Studies in Philosophy 300 $aSequel to: Off the ground. 311 $a0-8020-0510-1 311 $a0-8020-6946-0 320 $aIncludes bibliographical references and index. 327 $tFrontmatter -- $tContents -- $tPreface -- $t1. Introduction -- $t2. The Problem of Classification -- $t3. Classification by Context -- $t4. Mimesis -- $t5. Expression -- $t6. Formal Principles of Movement -- $t7. Anatomy -- $t8. Units and Systems -- $t9. Rhythm -- $t10. One and Many -- $t11. Modes of Dance Organization -- $t12. Dance and Music -- $t13. Dance and Language -- $t14. Dance and Theatre -- $t15. Dance Values -- $t16. Dancer and Spectator -- $t17. Learning to Dance -- $t18. Dance and Choreography -- $t19. The Identity of a Dance -- $t20. Recording Dance -- $t21. Conclusion -- $t22. Afterword: The Three Graces -- $tNotes -- $tReferences -- $tIndex 330 $aAlthough the theoretical importance of dance has always been recognized, dance has been relatively neglected in the philosophy of art. In this sequel to Off the Ground, in which Professor Sparshott focused on the concept of dance in general, A Measured Pace considers the recognized classification of dance as art, its values, and relationship to the other arts.Sparshott begins with an explanation of the philosophical importance of the major classifications of dance and their basis. He examines dance as a mimetic and expressive medium, and reviews the major dimensions of dance form. He then explores the relationship of dance to three related fields: music, language, and theatre. Sparshott also discusses the major philosophical problems of dance as an art: the specific values of dance; the relation between the way the audience perceives dance and the dancer's self-perception; the ways in which dancing and dances are learned; the division of artistic creation between choreographers and performers; and the ways in which dances are identified and retain their identity through time. A concluding chapter on how dances are recorded considers how the media may change the nature of dance. A Measured Pace is a wide-ranging and substantial contribution to a philosophical understanding of dance. 410 0$aToronto studies in philosophy. 606 $aDance$xPhilosophy 608 $aElectronic books. 615 0$aDance$xPhilosophy. 676 $a792.8/01 700 $aSparshott$b Francis Edward$f1926-$0122312 801 0$bMiAaPQ 801 1$bMiAaPQ 801 2$bMiAaPQ 906 $aBOOK 912 $a9910455500803321 996 $aA measured pace$92399548 997 $aUNINA LEADER 01733oam 2200529M 450 001 9910715765703321 005 20191123063212.6 035 $a(CKB)5470000002514416 035 $a(OCoLC)1065825208 035 $a(OCoLC)995470000002514416 035 $a(EXLCZ)995470000002514416 100 $a20070221d1850 ua 0 101 0 $aeng 135 $aurcn||||||||| 181 $ctxt$2rdacontent 182 $cc$2rdamedia 183 $acr$2rdacarrier 200 10$aAlden and Williams. (To accompany Bill H.R. No. 207.) March 28, 1850 210 1$a[Washington, D.C.] :$c[publisher not identified],$d1850. 215 $a1 online resource (4 pages) 225 1 $aHouse report / 31st Congress, 1st session. House ;$vno. 200 225 1 $a[United States congressional serial set ] ;$v[serial no. 584] 300 $aBatch processed record: Metadata reviewed, not verified. Some fields updated by batch processes. 300 $aFDLP item number not assigned. 517 $aAlden and Williams. 606 $aBakers 606 $aBakeries 606 $aClaims 606 $aGovernment contractors 606 $aRequisitions, Military 606 $aMexican War, 1846-1848 608 $aLegislative materials.$2lcgft 615 0$aBakers. 615 0$aBakeries. 615 0$aClaims. 615 0$aGovernment contractors. 615 0$aRequisitions, Military. 615 0$aMexican War, 1846-1848. 701 $aEvans$b Alexander$f1818-1888$pWhig (MD)$01401339 801 0$bWYU 801 1$bWYU 801 2$bOCLCO 801 2$bOCLCQ 906 $aBOOK 912 $a9910715765703321 996 $aAlden and Williams. (To accompany Bill H.R. No. 207.) March 28, 1850$93497136 997 $aUNINA LEADER 03683oas 2201429 a 450 001 9910143126803321 005 20251106213014.0 011 $a1878-4119 035 $a(DE-599)ZDB2009565-X 035 $a(DE-599)2009565-X 035 $a(OCoLC)44875202 035 $a(CONSER) 00213137 035 $a(CKB)954925584244 035 $a(EXLCZ)99954925584244 100 $a20000824a19879999 sy a 101 0 $aeng 135 $aurmnu|||||||| 181 $ctxt$2rdacontent 182 $cc$2rdamedia 183 $acr$2rdacarrier 200 10$aJournal of cranio-maxillofacial surgery 210 $a[London] $cHarcourt 300 $aRefereed/Peer-reviewed 311 08$a1010-5182 517 3 $aJournal of craniomaxillofacial surgery 531 1 $aJ. cranio-maxillo-facial surg. 606 $aSkull$xSurgery$vPeriodicals 606 $aMaxilla$xSurgery$vPeriodicals 606 $aFace$xSurgery$vPeriodicals 606 $aSurgery, Plastic$vPeriodicals 606 $aMaxilla$xsurgery 606 $aFace$xsurgery 606 $aSkull$xsurgery 606 $aOral Surgical Procedures 606 $aPlastic Surgery Procedures 606 $aSurgery, Plastic 606 $aSurgery, Oral 606 $aCra?ne$xChirurgie$vPe?riodiques 606 $aMaxillaire supe?rieur$xChirurgie$vPe?riodiques 606 $aFace$xChirurgie$vPe?riodiques 606 $aChirurgie plastique$vPe?riodiques 606 $aChirurgie plastique 606 $aFace$xSurgery$2fast$3(OCoLC)fst00919548 606 $aMaxilla$xSurgery$2fast$3(OCoLC)fst01012603 606 $aSkull$xSurgery$2fast$3(OCoLC)fst01120243 606 $aSurgery, Plastic$2fast$3(OCoLC)fst01139417 608 $aPeriodical. 608 $aPeriodicals.$2fast 615 0$aSkull$xSurgery 615 0$aMaxilla$xSurgery 615 0$aFace$xSurgery 615 0$aSurgery, Plastic 615 2$aMaxilla$xsurgery. 615 2$aFace$xsurgery. 615 2$aSkull$xsurgery. 615 2$aOral Surgical Procedures. 615 2$aPlastic Surgery Procedures. 615 2$aSurgery, Plastic. 615 2$aSurgery, Oral. 615 6$aCra?ne$xChirurgie 615 6$aMaxillaire supe?rieur$xChirurgie 615 6$aFace$xChirurgie 615 6$aChirurgie plastique 615 6$aChirurgie plastique. 615 7$aFace$xSurgery. 615 7$aMaxilla$xSurgery. 615 7$aSkull$xSurgery. 615 7$aSurgery, Plastic. 676 $a617.514 712 02$aEuropean Association for Cranio-Maxillo-Facial Surgery 801 0$bCOU 801 1$bCOU 801 2$bEYM 801 2$bNSD 801 2$bOCLCQ 801 2$bNSD 801 2$bOCLCQ 801 2$bF#A 801 2$bOCLCQ 801 2$bSBH 801 2$bOCL 801 2$bSERSO 801 2$bOCLCQ 801 2$bOPELS 801 2$bOCLCF 801 2$bOCLCO 801 2$bOCLCQ 801 2$bOCLCO 801 2$bOCLCQ 801 2$bUAB 801 2$bOCLCO 801 2$bZ5A 801 2$bOCLCO 801 2$bNLE 801 2$bOCLCO 801 2$bOCLCA 801 2$bBUF 801 2$bEZC 801 2$bU3W 801 2$bOCLCO 801 2$bFQM 801 2$bOCLCO 801 2$bWYU 801 2$bOCLCO 801 2$bUKMGB 801 2$bOCLCO 801 2$bOCLCA 801 2$bVT2 801 2$bOCLCO 801 2$bIBD 801 2$bOCLCO 801 2$bQGK 801 2$bOCLCQ 801 2$bOCLCL 801 2$bAU@ 801 2$bCNTRU 801 2$bAAE 801 2$bOCLCQ 906 $aJOURNAL 912 $a9910143126803321 996 $aJournal of cranio-maxillofacial surgery$91890619 997 $aUNINA